| 000 | 01430nam a22002535i 4500 | ||
|---|---|---|---|
| 001 | 11722 | ||
| 003 | ES-MaACL | ||
| 005 | 20250825003554.0 | ||
| 007 | t| | ||
| 008 | 950906m19959999sp ||||0| spa j | ||
| 020 | _a84-7506-424-8 | ||
| 040 |
_aM-BN _bspa _cM-BN |
||
| 080 | _a82-392"15" | ||
| 245 | 0 | 0 |
_aHistorias caballerescas del siglo XVI / _c[edición y prólogo de Nieves Baranda]. |
| 260 |
_aMadrid : _bTurner, _c1995. |
||
| 300 |
_a2 v. ; _c23 cm. |
||
| 490 | 1 | _aBiblioteca Castro | |
| 505 | 8 | _aV.I: Corónica del Çid Ruy Díaz. Historia de Enrique fijo de doña Oliva. La historia de los nobles cavalleros Oliveros de Castilla y Artús d'Algarbe. Libro del conde Partinuplés. Historia de la reina de Sevilla. La crónica del noble cavallero el conde Fernán Gonçales. La espantosa y admirable vida de Roberto el Diablo.-- V.II: Libro del rey Canamor. La historia de los dos enamorados Flores y Blancaflor. La crónica de los nobles cavalleros Tablante de Ricamonte y de Jofre. La historia de la linda Magalona. La Poncella de Francia. Historia del emperador Carlo Magno y de los doze pares de Francia. Historia del cavallero Clamades. La historia del noble cavallero París y de la donzella Viana. | |
| 650 | 7 |
_aLibros de caballería _2embne _9136412 |
|
| 700 | 1 |
_aBaranda, Nieves. _925305 |
|
| 830 | 0 |
_aBiblioteca Castro _9178957 |
|
| 852 |
_aES-MaACL _jL-29757-58 _bR.125319 |
||
| 999 |
_c11722 _d11722 |
||